LDR 01051naa#a2200193#i#450# 001 RU\\bibl\98715 005 20260502125739.6 011 ## _a2071-7318 100 ## _a20260409b2026####ek#y0rusy0150####ca 102 ## _aRU 200 1# _aАНАЛИЗ ПРИМЕНЕНИЯ НЕЙРОСЕТЕЙ ДЛЯ АВТОМАТИЗИРОВАННОЙ РАЗРАБОТКИ ТЕХНОЛОГИЧЕСКИХ ПРОЦЕССОВ ОБРАБОТКИ МАТЕРИАЛОВ РЕЗАНИЕМ _eЖурнальная статья 210 1# _aБелгород _cБелгородский государственный технологический университет им. В.Г. Шухова _d2026 215 ## _a9 с. 608 ## _aЖурнальная статья _2local 675 ## _aТеория машиностроения (машиноведение). Механика как теоретическая основа машиностроения. 621.01 _z 700 #1 _aБондаренко _gН. В. 700 #1 _aСоколов _gМ. В. 700 #1 _aМинин _gА. А. 856 4# _anaukaru.ru _u